000 00381nam a2200169Ia 4500
003 OSt
005 20240208100808.0
008 170619s9999 xx 000 0 und d
020 _a9788184077476
040 _cIIMT ENGINEERING COLLEGE
100 _aKATRE- J S
245 0 _aSWITCHING THEORY
260 _b"TECHMAX PUB
260 _c PUNE"
546 _a2008
942 _2ddc
_c02
999 _c18725
_d18725